000 00505nam a2200145 a 4500
008 120416s1988 ||||||||||||||||| || u
020 _a0582056446
050 _aTJ 145 Ben
100 _aBenham, Peter Phillip
245 1 0 _aMechanics of engineering materials
260 _aHarlow, [Essex]
_bLongman
_c1988
300 _axix, 626p. : ill.
350 _a0.00
995 _D0.00
_FCBU-MAIN LIBRARY (Kitwe)
_H1
_I5.50
_M1
_UDAMAGED
_ZMain Library Open Access Collection
999 _c50910
_d50910